00322nam a2200121Ia 4500008004100000041000800041082001700049100001900066245004500085260003300130300003000163365000700193240624s9999 xx 000 0 und d aeng a658.4063 MCH aMCHUGH PATRICK aBEYOND BUSINESS PROCESS REENGINEERING TO c1995aChichesterbJohn Wiley axi, : 212 : p. : cm. ; 25 cRS